Statistics for 1960s Bands/Singers

Click here to take the quiz!

General Stats

  • This quiz has been taken 2,283 times
    (2,271 since last reset)
  • The average score is 12 of 17

Answer Stats

SongArtist% Correct
I Am The WalrusThe Beatles
95%
Good VibrationsThe Beach Boys
93%
The Sound of SilenceSimon & Garfunkel
88%
Purple HazeThe Jimi Hendrix Experience
88%
Jumping Jack FlashThe Rolling Stones
88%
My GenerationThe Who
87%
Blowing in the WindBob Dylan
84%
California DreamingThe Mamas & The Papas
82%
White RabbitJefferson Airplane
79%
Fortunate SonCreedence Clearwater Revival
64%
Piece Of My HeartErma Franklin (covered by Janis Joplin)
63%
White RoomCream
60%
Strange DaysThe Doors
47%
Louie LouieKingsmen
44%
Communication BreakdownLed Zeppelin
44%
For What It's WorthBuffalo Springfield
43%
She's Not ThereThe Zombies
43%

Score Distribution

Percentile by Number Answered

Percent of People with Each Score

Your Score History

You have not taken this quiz since the last reset